000 00477nam a2200181Ia 4500
005 20250326141045.0
008 250326s9999 xx 000 0 und d
037 _aTextbook
040 _aFMSL
_beng
_cFMSL
041 _aeng
_2eng
084 _aX:8D M7
_qFMSL
100 _aRao G B
245 0 _aGuide to project ficing
_cRao G B; Gupta A
260 _aNagpur
_bNagpur, Wadhwa
_c1987
300 _axxii,621
942 _cTB
_hX:8D M7
999 _c1288501
_d1288501